000 00669nam a2200193Ia 4500
005 20250507130216.0
008 008 250505s9999 xx 000 0 eng d
037 _aSeries Article
040 _aEASL
_beng
_cEASL
041 _aeng
_2eng
084 _qEASL
100 _aNomura Chikayoshi
_9668866
245 0 _aWhy was indian steel not exported in the colonial period?-the influence of the british standard specification in limiting the potential export of indian steel in the 1930s
260 _aUK
_bCambridge Cambridge University Press UK
_c2012
300 _a1213-1239
650 _aAsian Studies
942 _cSRA
999 _c1318333
_d1318333